| 000 | 00335nam a22001217a 4500 | ||
|---|---|---|---|
| 008 | 190313b xxu||||| |||| 00| 0 eng d | ||
| 041 | _aeng | ||
| 080 | _a043.3 | ||
| 100 | _a0 | ||
| 101 | _aSHP-BA | ||
| 245 |
_aSpecifikat e Ceshtjes se Kosoves dhe ndikimi i tyre ne perpilimin e Kushtetutes se Kosoves _cHashani, V |
||
| 942 |
_2udc _cBK |
||
| 999 |
_c54760 _d54760 |
||